Classical symbols of Athena/Minerva on a drawing - Statistics

General Stats
  • This quiz has been taken 30 times
  • The average score is 5 of 7
Answers on the Map
Answers color-coded by a green-red scale on the quiz's map according to % correct below.
 
Answer Stats
Attribut % Correct
The owl
100%
The spear
96%
The olive tree
91%
The shield
91%
The helmet
78%
The Gorgoneion
39%
The Aegis
22%
No matching quizzes found
Score Distribution
Percent of People with Each Score
Percentile by Number Answered
Your Score History
You have not taken this quiz